Star Alliance - Fluggesellschaften - Statistiken

Allgemein
  • Dieses Quiz wurde 429 mal gespielt
  • Das Durchschnittsergebnis liegt bei 16 aus 28
Antwortstatistiken
Herkunft Fluggesellschaft % Korrekt
Deutschland Lufthansa
97%
Japan All Nippon Airways
94%
Schweiz Swiss
87%
Türkei Turkish Airlines
83%
Österreich Austrian Airlines
78%
Thailand Thai Airways International
76%
Kanada Air Canada
74%
Vereinigte Staaten United Airlines
72%
China Air China
69%
Portugal TAP Portugal
67%
Indien Air India
66%
Dänemark / Norwegen / Schweden SAS Scandinavien Airlines
65%
Singapur Singapore Airlines
65%
Polen LOT
64%
Südafrika South African Airways
60%
Ägypten Egypt Air
57%
Kroatien Croatia Airlines
55%
Neuseeland Air New Zealand
53%
Belgien Brussels Airlines
51%
Äthiopien Ethiopian Airlines
51%
Griechenland Aegean Airlines
47%
Kolumbien Avianca
32%
Südkorea Asiana Airlines
31%
Taiwan EVA Air
31%
Slowenien Adria Airways
23%
Panama Copa Airlines
19%
China Shenzhen Airlines
6%
Brasilien Avianca Brazil
3%
Keine übereinstimmenden Quizze gefunden
Verteilung der Resultate
Anzahl Personen mit jedem Resultat
Perzentil nach korrekt beantworteten Fragen
Ihre Resultats-Entwicklung
Sie haben dieses Quiz noch nicht gespielt